000 00459nam a2200193Ia 4500
008 240510s9999 xx 000 0 und d
020 _a0008390630184
041 _aEng
082 _a005.131
082 _bK81
100 _aed KUBIA, M.:
245 4 _aTHE 7TH BALTIC OLYMPIAD IN INFORMATICS SPOT, POLAND : TASKA AND SOLUTIONS
260 _bWARSAW
260 _c2001
300 _a52 p.
650 _aProgramming :
942 _2ddc
942 _cLBK
999 _c28150
_d28150
945 _a1
_bMadushi Gamage
_c1
_dMadushi Gamage